| 000 -LEADER |
| fixed length control field |
00907cam a2200193 a 4500 |
| 020 ## - INTERNATIONAL STANDARD BOOK NUMBER |
| ISBN |
0803109318 |
| 040 ## - CATALOGING SOURCE |
| Transcribing agency |
DLC |
| 082 00 - DEWEY DECIMAL CLASSIFICATION NUMBER |
| Classification number |
628 AME 1986 A038 Or. |
| 245 00 - TITLE STATEMENT |
| Title |
Hazardous and industrial solid waste testing and disposal : |
| Remainder of title |
sixth volume / |
| 260 ## - PUBLICATION, DISTRIBUTION, ETC. (IMPRINT) |
| Place of publication |
Philadelphia, PA : |
| Name of publisher |
American Society for Testing and Materials, |
| Year of publication |
c1986. |
| 300 ## - PHYSICAL DESCRIPTION |
| Number of Pages |
471 p. : |
| Other physical details |
ill. ; |
| Dimensions |
24 cm. |
| 500 ## - GENERAL NOTE |
| General note |
"Papers presented at two symposia: the Third International Symposium on Industrial and Hazardous Waste presented at Alexandria, Egypt, 24-27 June 1985, and the Symposium on Environmental Test Method Development presented at Colorado Springs, CO, 8-9 May 1985"--3rd prelim. p. |
| 500 ## - GENERAL NOTE |
| General note |
"ASTM publication code number (PCN) 04-933000-16." |
| 650 #0 - SUBJECT ADDED ENTRY--TOPICAL TERM |
| Topical Term |
Hazardous wastes |
| 650 #0 - SUBJECT ADDED ENTRY--TOPICAL TERM |
| Topical Term |
Factory and trade waste |
| 700 1# - ADDED ENTRY--PERSONAL NAME |
| Personal name |
Lorenzen, Douglas. |
| 710 2# - ADDED ENTRY--CORPORATE NAME |
| Corporate name or jurisdiction name as entry element |
American Society for Testing and Materials. |
| 942 ## - ADDED ENTRY ELEMENTS (KOHA) |
| Koha item type |
សៀវភៅភាសាអង់គ្លេស |
| 952 ## - LOCATION AND ITEM INFORMATION (KOHA) |
| Withdrawn status [LOCAL, KOHA] |
0 |